000 00765nam a2200229Ia 4500
001 15932
003 GE_BSU
008 181216s||||||||xx |||||||||||||| ||und||
040 _cGE_BSU
080 _a821.353.1-1
100 _aხვედელიძე, ნოდარ
245 _aცოდვაა ამ დღის დაღამება
245 _bლექსები
245 _cრედ. გრ. ჯულუხიძე. მხ.ლ.ცუცქირიძე
260 _aთბილისი
260 _bმერანი
260 _c1973
300 _a56გვ. ; 17სმ.1ფ.პორტრ.
653 _aლექსები
653 _aცოდვაა ამ დღის დაღამება
942 _cBK
999 _c49027
_d49027